[Event "Moscow Aeroflot op-A"]
[Site "Moscow"]
[Date "2024.03.06"]
[Round "7"]
[White "Drygalov, Andrey"]
[Black "Zarubitski, Viachaslau"]
[Result "0-1"]
[WhiteElo "2475"]
[BlackElo "2402"]
[PlyCount "144"]
[EventDate "2024.03.03"]
[EventType "swiss"]
[EventRounds "9"]
[EventCountry "RUS"]
[SourceTitle "CB11_2024"]
[SourceDate "2024.03.13"]
[SourceVersion "1"]
[SourceVersionDate "2024.03.13"]
[SourceQuality "1"]

1. e4 c5 2. Nf3 Nc6 3. d4 cxd4 4. Nxd4 Nf6 5. Nc3 d6 6. Bg5 e6 7. Qd2 a6 8. 0-0-0 Bd7 9. f3 Rc8 10. Kb1 b5 11. Nxc6 Rxc6 12. Ne2 Be7 13. h4 h6 14. Be3 h5 15. Nd4 Rc7 16. Bd3 Qb8 17. c3 a5 18. Rhe1 0-0 19. Qe2 b4 20. c4 e5 21. Nb5 Rc6 22. Bg5 Be6 23. Rc1 Qd8 24. f4 Bg4 25. Qd2 Nd7 26. Be2 Bxe2 27. Rxe2 Nb6 28. Bxe7 Qxe7 29. b3 Nd7 30. g3 Nf6 31. Rd1 Qe6 32. Qe3 Ra8 33. f5 Qe7 34. Red2 Raa6 35. c5 d5 36. Rxd5 Nxd5 37. Rxd5 a4 38. bxa4 Rxa4 39. Qb3 Ra8 40. Qxb4 Rca6 41. Nc3 Qc7 42. Qc4 Rb6+ 43. Kc1 Rab8 44. a3 Rc6 45. Nb5 Qb6 46. a4 Rbc8 47. cxb6 Rxc4+ 48. Kd2 Rxa4 49. b7 Rb8 50. Rd7 Rxe4 51. Kc3 Re3+ 52. Kb4 Rxg3 53. Nd6 Rg1 54. Kc5 Rd1 55. Rc7 Kh7 56. Rxf7 Rd8 57. Ne4 Rb1 58. Kc6 Rd4 59. Nc5 Rxh4 60. Ne6 Rc4+ 61. Kd5 Rg4 62. Kxe5 h4 63. f6 Rb5+ 64. Kd6 h3 65. fxg7 h2 66. Rf5 Rb6+ 67. Kc5 h1Q 68. Kxb6 Rb4+ 69. Ka5 Rxb7 70. g8Q+ Kxg8 71. Rf8+ Kh7 72. Ng5+ Kg6 0-1

[Event "Titled Tuesday intern op 06th Feb Late"]
[Site "Chess.com INT"]
[Date "2024.02.06"]
[Round "8"]
[White "Alonso Rosell, Alvar"]
[Black "Drygalov, Andrey"]
[Result "1-0"]
[WhiteElo "2564"]
[BlackElo "2475"]
[PlyCount "75"]
[EventDate "2024.02.06"]
[EventType "swiss (blitz)"]
[EventRounds "11"]
[EventCountry "USA"]
[SourceTitle "CB07_2024"]
[SourceDate "2024.02.14"]
[SourceVersion "1"]
[SourceVersionDate "2024.02.14"]
[SourceQuality "1"]

1. d4 Nf6 2. c4 e6 3. Nf3 d5 4. g3 Bb4+ 5. Nc3 0-0 6. Bg2 dxc4 7. 0-0 Nc6 8. a3 Bd6 9. Bg5 h6 10. Bxf6 Qxf6 11. Ne4 Qe7 12. Qc2 e5 13. d5 Nd8 14. Qxc4 f5 15. Nxd6 cxd6 16. Rac1 Nf7 17. Nh4 Qf6 18. Qc7 e4 19. Bh1 g5 20. Ng2 f4 21. Rc4 Re8 22. gxf4 gxf4 23. f3 Bh3 24. Rxe4 Bxg2 25. Bxg2 Rxe4 26. fxe4 Ne5 27. Bh3 Kh8 28. Be6 f3 29. exf3 Nxf3+ 30. Kh1 Rd8 31. Bg4 Rg8 32. Bxf3 Qf4 33. Bg2 Qg5 34. Bh3 Rg7 35. Rf8+ Kh7 36. Bf5+ Qxf5 37. Qxg7+ Kxg7 38. Rxf5 1-0

[Event "Titled Tuesday intern op 06th Feb Late"]
[Site "Chess.com INT"]
[Date "2024.02.06"]
[Round "1"]
[White "Kashefi, Amir Hossein"]
[Black "Drygalov, Andrey"]
[Result "0-1"]
[WhiteElo "2193"]
[BlackElo "2475"]
[PlyCount "90"]
[EventDate "2024.02.06"]
[EventType "swiss (blitz)"]
[EventRounds "11"]
[EventCountry "USA"]
[SourceTitle "CB07_2024"]
[SourceDate "2024.02.14"]
[SourceVersion "1"]
[SourceVersionDate "2024.02.14"]
[SourceQuality "1"]

1. Nf3 Nf6 2. g3 d5 3. Bg2 e6 4. 0-0 Be7 5. b3 0-0 6. Bb2 b6 7. d3 Bb7 8. Nbd2 c5 9. Re1 d4 10. e4 dxe3 11. fxe3 Nc6 12. e4 b5 13. a4 a6 14. Qe2 Rc8 15. Nf1 c4 16. axb5 axb5 17. bxc4 bxc4 18. Kh1 cxd3 19. cxd3 Nb4 20. Bxf6 Bxf6 21. Rab1 Be7 22. d4 Ba6 23. Qd2 Rc2 24. Qd1 Qa5 25. Ne3 Ra2 26. Bf1 Rd8 27. d5 Bc5 28. Nc4 Bxc4 29. Bxc4 Rc2 30. Bb3 Rc3 31. Qd2 Rxf3 32. Ra1 Qc7 33. Bd1 Rd3 34. Qe2 exd5 35. exd5 h6 36. Rc1 R3xd5 37. Bc2 Nxc2 38. Rxc2 Qd7 39. Qf3 Rd1 40. Rxd1 Qxd1+ 41. Qxd1 Rxd1+ 42. Kg2 Rd5 43. Rd2 Rxd2+ 44. Kh3 f5 45. Kh4 Rxh2# 0-1

[Event "Chessable Masters Play In"]
[Site "Chess.com INT"]
[Date "2024.01.31"]
[Round "3"]
[White "Drygalov, Andrey"]
[Black "Bluebaum, Matthias"]
[Result "0-1"]
[WhiteElo "2475"]
[BlackElo "2655"]
[PlyCount "83"]
[EventDate "2024.01.31"]
[EventType "swiss (rapid)"]
[EventRounds "9"]
[EventCountry "USA"]
[SourceTitle "CB06_2024"]
[SourceDate "2024.02.07"]
[SourceVersion "1"]
[SourceVersionDate "2024.02.07"]
[SourceQuality "1"]

1. d4 d5 2. c4 e6 3. Nc3 Bb4 4. e3 Nf6 5. Bd3 dxc4 6. Bxc4 0-0 7. a3 Bd6 8. Nf3 Nc6 9. 0-0 e5 10. d5 Ne7 11. e4 a6 12. h3 Ng6 13. Nh2 h6 14. Be3 Bd7 15. Rc1 Qe7 16. Re1 Kh7 17. Bd3 Kh8 18. Na4 Rae8 19. Nc5 Bc8 20. Nf1 Nf4 21. Ng3 Nh7 22. b4 Qh4 23. Bf1 Ng5 24. Nf5 Bxf5 25. exf5 Nfxh3+ 26. gxh3 Nxh3+ 27. Bxh3 Qxh3 28. Nxb7 Qxf5 29. Nxd6 cxd6 30. f3 Qd7 31. Qe2 f5 32. Qh2 f4 33. Bf2 Rf5 34. Rc6 Ref8 35. Kf1 Rg5 36. Re4 Rf6 37. Be1 Rfg6 38. Qc2 Qh3+ 39. Ke2 Rg2+ 40. Kd1 Rxc2 41. Kxc2 Qxf3 42. Rcc4 0-1

[Event "Chessable Masters Play In"]
[Site "Chess.com INT"]
[Date "2024.01.31"]
[Round "6"]
[White "Drygalov, Andrey"]
[Black "Ivic, Velimir"]
[Result "0-1"]
[WhiteElo "2475"]
[BlackElo "2567"]
[PlyCount "140"]
[EventDate "2024.01.31"]
[EventType "swiss (rapid)"]
[EventRounds "9"]
[EventCountry "USA"]
[SourceTitle "CB06_2024"]
[SourceDate "2024.02.07"]
[SourceVersion "1"]
[SourceVersionDate "2024.02.07"]
[SourceQuality "1"]

1. e4 c5 2. Nf3 e6 3. d3 Nc6 4. g3 d5 5. Nbd2 Nf6 6. Bg2 Be7 7. 0-0 0-0 8. Re1 b5 9. e5 Nd7 10. Qe2 a5 11. Nf1 a4 12. a3 Bb7 13. h4 Qc7 14. Bf4 Rfc8 15. N1h2 b4 16. h5 h6 17. g4 Nd4 18. Nxd4 cxd4 19. Rec1 Nb8 20. axb4 Bxb4 21. Nf3 Nc6 22. g5 hxg5 23. Nxg5 Be7 24. Nf3 a3 25. bxa3 Rxa3 26. Rab1 Ra2 27. h6 g6 28. Qd2 Ba3 29. Rd1 Ne7 30. Nxd4 Ba6 31. Qe3 Bc5 32. h7+ Kxh7 33. Bg5 Ng8 34. c3 Kg7 35. Qf4 Be7 36. Nf3 Qa7 37. d4 Rxc3 38. Ra1 Rcc2 39. Rxa2 Rxa2 40. Bxe7 Qxe7 41. Ng5 Nh6 42. Bh3 Be2 43. Rb1 Bd3 44. Rb8 Bf5 45. Bxf5 Nxf5 46. Nf3 Qc7 47. Rb1 Qc2 48. Rf1 Qe4 49. Qxe4 dxe4 50. Ng5 Nxd4 51. Nxe4 Nf3+ 52. Kg2 Nxe5 53. Rd1 Kf8 54. Rd8+ Ke7 55. Rb8 Ra7 56. f4 Nd7 57. Rc8 Nf6 58. Nc3 Rd7 59. Kf3 Nd5 60. Ne4 Rc7 61. Rb8 f5 62. Ng5 Rc3+ 63. Kf2 Nxf4 64. Rb7+ Kf6 65. Nf3 g5 66. Nd4 Rd3 67. Nc6 g4 68. Rb4 g3+ 69. Ke1 g2 70. Kf2 Rd2+ 0-1

[Event "Ekaterinburg Scerbin Memorial"]
[Site "Ekaterinburg"]
[Date "2024.01.13"]
[Round "5"]
[White "Shimanov, Aleksandr"]
[Black "Drygalov, Andrey"]
[Result "1/2-1/2"]
[WhiteElo "2578"]
[BlackElo "2475"]
[PlyCount "195"]
[EventDate "2024.01.13"]
[EventType "swiss (rapid)"]
[EventRounds "11"]
[EventCountry "RUS"]
[SourceTitle "CB03_2024"]
[SourceDate "2024.01.17"]
[SourceVersion "1"]
[SourceVersionDate "2024.01.17"]
[SourceQuality "1"]

1. e4 e5 2. Nf3 Nc6 3. c3 Nf6 4. Qc2 d5 5. d3 a5 6. Be2 Be7 7. 0-0 0-0 8. a4 h6 9. Re1 Re8 10. Nbd2 Bc5 11. h3 Be6 12. Bf1 Ba7 13. exd5 Bxd5 14. Ne4 Nd7 15. Be3 f5 16. Bxa7 Rxa7 17. Ned2 Ra8 18. g3 Qf6 19. Bg2 Rad8 20. Rab1 Nc5 21. b4 axb4 22. cxb4 Bxf3 23. Qxc5 Bxg2 24. Kxg2 e4 25. Nf1 Rxd3 26. b5 Ne5 27. Qxc7 Rd7 28. Qc2 Nd3 29. Re3 Kh8 30. a5 f4 31. gxf4 Nxf4+ 32. Kh2 Rd3 33. Rbe1 Qg5 34. Rg3 Qxb5 35. Qc7 Qe5 36. Qxb7 Re7 37. Qc8+ Re8 38. Qg4 h5 39. Qh4 Qxa5 40. Ree3 Rxe3 41. Nxe3 Qe5 42. Rg5 Qc7 43. Qg3 Kh7 44. Rxh5+ Kg8 45. Rg5 Ne6 46. Re5 Qf7 47. Nf5 Qf6 48. Nd6 Rf8 49. Nxe4 Qh6 50. Qg4 Qf4+ 51. Qxf4 Nxf4 52. Kg3 Ne2+ 53. Kg4 Nf4 54. Ra5 Nd3 55. f3 Rf4+ 56. Kg3 Rf8 57. h4 Nf4 58. Kg4 g6 59. Ra7 Nh5 60. Ra3 Rf5 61. Ng5 Nf6+ 62. Kg3 Nh5+ 63. Kf2 Nf4 64. Ra8+ Kg7 65. Ra7+ Kg8 66. Ne4 Nh5 67. Ra8+ Kg7 68. Ng5 Nf4 69. Rb8 Nh5 70. Ne4 Nf4 71. Nd6 Rd5 72. Rb6 Nh5 73. Ke3 Rd1 74. Rb7+ Kg8 75. Rb8+ Kg7 76. Rb7+ Kg8 77. Nc8 Rh1 78. Rb4 Ng3 79. Nd6 Nh5 80. Rg4 Kg7 81. Nc4 Kf6 82. Kf2 Ra1 83. Nd2 Ra2 84. Ke3 Ra3+ 85. Ke2 Ra2 86. Kd3 Ra3+ 87. Kc2 Ra2+ 88. Kc3 Ra3+ 89. Kb2 Rd3 90. Kc2 Ra3 91. Rb4 Kg7 92. Rb7+ Kg8 93. Rd7 Ra4 94. Ne4 Ra2+ 95. Kd1 Rh2 96. Rd4 Kg7 97. Nd6 Rf2 98. Ke1 1/2-1/2

[Event "Ekaterinburg Scerbin Memorial Blitz"]
[Site "Ekaterinburg"]
[Date "2024.01.12"]
[Round "8"]
[White "Shimanov, Aleksandr"]
[Black "Drygalov, Andrey"]
[Result "1-0"]
[WhiteElo "2578"]
[BlackElo "2475"]
[PlyCount "97"]
[EventDate "2024.01.12"]
[EventType "swiss (blitz)"]
[EventRounds "13"]
[EventCountry "RUS"]
[SourceTitle "CB03_2024"]
[SourceDate "2024.01.17"]
[SourceVersion "1"]
[SourceVersionDate "2024.01.17"]
[SourceQuality "1"]

1. b3 d5 2. Bb2 Bg4 3. g3 e6 4. Bg2 Nf6 5. Nf3 Nbd7 6. d3 Bxf3 7. Bxf3 Bd6 8. 0-0 0-0 9. c4 c6 10. Bg2 Be5 11. d4 Bd6 12. Nd2 Qe7 13. a3 Rfe8 14. e3 Rad8 15. c5 Bc7 16. f4 Nf8 17. b4 N6d7 18. g4 f6 19. Qf3 e5 20. f5 exd4 21. exd4 Qe3+ 22. Qxe3 Rxe3 23. Rf3 Re2 24. Rd1 Rde8 25. h3 h6 26. Bf1 R2e7 27. Kf2 Nh7 28. h4 Nhf8 29. Bd3 Kf7 30. Nb3 Nh7 31. Bc1 Rb8 32. Bd2 Rc8 33. Re3 Rxe3 34. Bxe3 Nhf8 35. a4 a6 36. Rb1 Ra8 37. Kf3 Ke7 38. Bd2 Kf7 39. Nc1 Ke7 40. Ne2 Kf7 41. Nf4 Ra7 42. Rb3 Ra8 43. b5 axb5 44. axb5 Rb8 45. Ra3 cxb5 46. Bxb5 Bd8 47. Ra7 g5 48. fxg6+ Nxg6 49. Nxg6 1-0

[Event "Cheliabinsk Shusharin Memorial Rapid"]
[Site "Cheliabinsk"]
[Date "2023.11.15"]
[Round "1"]
[White "Drygalov, Andrey"]
[Black "Dolgov, Yaroslav"]
[Result "0-1"]
[WhiteElo "2475"]
[BlackElo "1947"]
[PlyCount "164"]
[EventDate "2023.11.15"]
[EventType "swiss (rapid)"]
[EventRounds "11"]
[EventCountry "RUS"]
[SourceTitle "CB47_2023"]
[SourceDate "2023.11.22"]
[SourceVersion "1"]
[SourceVersionDate "2023.11.22"]
[SourceQuality "1"]

1. e4 c5 2. Nf3 Nc6 3. Bb5 Nd4 4. Nc3 a6 5. Bd3 g6 6. Nxd4 cxd4 7. Ne2 Bg7 8. 0-0 d6 9. b3 e5 10. c3 Ne7 11. Ba3 0-0 12. cxd4 exd4 13. f4 Re8 14. Ng3 h5 15. f5 Nc6 16. fxg6 fxg6 17. Bc4+ Be6 18. d3 Ne5 19. Bxe6+ Rxe6 20. h3 Qg5 21. Kh2 h4 22. Ne2 Qe3 23. Bc1 Qxd3 24. Nf4 Qg3+ 25. Kh1 Rf6 26. Qxd4 Raf8 27. Qd5+ Kh7 28. Bd2 g5 29. Be1 Rxf4 30. Bxg3 Rxf1+ 31. Rxf1 Rxf1+ 32. Kh2 hxg3+ 33. Kxg3 Ng6 34. Qxb7 Kh6 35. Kh2 Be5+ 36. g3 Rf2+ 37. Kh1 Rxa2 38. Qc8 Bxg3 39. Kg1 Be5 40. Kf1 a5 41. Qe6 a4 42. bxa4 Rxa4 43. Qf5 Ra2 44. Qe6 Rb2 45. Ke1 Kh5 46. Qg4+ Kh6 47. Qe6 Bf4 48. Kf1 Rb1+ 49. Ke2 Be5 50. Kf2 Rb4 51. Qf5 Rb8 52. Qe6 Rf8+ 53. Ke2 Rf6 54. Qe8 Rf4 55. Kd3 Rf3+ 56. Kc4 Rxh3 57. Kd5 Rf3 58. Qd7 Rd3+ 59. Kc6 Bf4 60. Qe6 Ra3 61. Qf6 Be5 62. Qe6 Rf3 63. Qd7 Rf4 64. Kd5 g4 65. Qe6 Kg5 66. Qd7 g3 67. Qd8+ Rf6 68. Qb6 Nf4+ 69. Kc4 g2 70. Qe3 Rg6 71. Qg1 Rh6 72. Qf2 Rh3 73. Kb5 Kf6 74. Kc6 Rh1 75. Qb6 Rc1+ 76. Kd7 g1Q 77. Qd8+ Kg6 78. Qe8+ Kg5 79. Qg8+ Kh4 80. Qh7+ Kg3 81. Qg8+ Kf3 82. Qb3+ Rc3 0-1

[Event "Titled Tuesday intern op 24th Oct Late"]
[Site "Chess.com INT"]
[Date "2023.10.24"]
[Round "8"]
[White "Drygalov, Andrey"]
[Black "Caruana, Fabiano"]
[Result "1-0"]
[WhiteElo "2475"]
[BlackElo "2786"]
[PlyCount "139"]
[EventDate "2023.10.24"]
[EventType "swiss (blitz)"]
[EventRounds "11"]
[EventCountry "USA"]
[SourceTitle "Mega2024 Update 01"]
[Source "Chessbase"]
[SourceDate "2023.11.12"]
[SourceVersion "1"]
[SourceVersionDate "2023.11.12"]
[SourceQuality "1"]

1. d4 Nf6 2. c4 g6 3. Nf3 d6 4. g3 Bg7 5. Bg2 0-0 6. 0-0 c6 7. Nc3 Bf5 8. Qb3 Qc7 9. Bf4 Re8 10. c5 Be6 11. Qc2 Na6 12. e4 Qd7 13. cxd6 exd6 14. Rfe1 Nc7 15. Rad1 h6 16. Qc1 g5 17. Be3 Bh3 18. Bh1 Ng4 19. Bd2 Rad8 20. a3 a6 21. Qc2 Nf6 22. Bc1 Nb5 23. Nxb5 axb5 24. Nd2 Bg4 25. f3 Bh5 26. Qd3 Bg6 27. Qf1 Qe6 28. Qf2 h5 29. Bg2 c5 30. d5 Qe7 31. Kh1 Rc8 32. Qf1 c4 33. a4 Nd7 34. axb5 Ne5 35. Re3 Nd3 36. Nxc4 Nxc1 37. Rxc1 h4 38. e5 dxe5 39. d6 Qd7 40. Rd1 Rcd8 41. Nb6 Qe6 42. Nc4 Bf5 43. g4 Bc2 44. Rd2 Bg6 45. h3 e4 46. fxe4 Rd7 47. e5 Rf8 48. Bd5 Qe8 49. Qf3 Kh8 50. Rf2 Qd8 51. Re1 Kh7 52. Qe3 Kh8 53. Be4 Bxe4+ 54. Qxe4 Re8 55. Qd5 Re6 56. Rf5 Qe8 57. Ref1 f6 58. exf6 Bxf6 59. Rxf6 Rxf6 60. Rxf6 Qe1+ 61. Kg2 Qg3+ 62. Kf1 Qxh3+ 63. Qg2 Qd3+ 64. Qe2 Qh3+ 65. Ke1 Qg3+ 66. Kd2 Rd8 67. Qe7 Qg2+ 68. Kc3 Qg3+ 69. Kb4 Ra8 70. Rh6+ 1-0

[Event "Titled Tuesday intern op 24th Oct Late"]
[Site "Chess.com INT"]
[Date "2023.10.24"]
[Round "10"]
[White "Paravyan, David"]
[Black "Drygalov, Andrey"]
[Result "1-0"]
[WhiteElo "2599"]
[BlackElo "2475"]
[PlyCount "105"]
[EventDate "2023.10.24"]
[EventType "swiss (blitz)"]
[EventRounds "11"]
[EventCountry "USA"]
[SourceTitle "Mega2024 Update 01"]
[Source "Chessbase"]
[SourceDate "2023.11.12"]
[SourceVersion "1"]
[SourceVersionDate "2023.11.12"]
[SourceQuality "1"]

1. e4 c5 2. Nf3 d6 3. d4 cxd4 4. Nxd4 Nf6 5. Nc3 a6 6. Bd3 e5 7. Nde2 Be7 8. 0-0 0-0 9. Ng3 Nc6 10. Nd5 Nxd5 11. exd5 Nb4 12. Be4 a5 13. Nf5 Bxf5 14. Bxf5 g6 15. Bh3 f5 16. c3 Na6 17. Be3 Qc7 18. a4 Bf6 19. Qe2 Nc5 20. Qb5 e4 21. Bxc5 dxc5 22. Rad1 Be5 23. g3 Bd6 24. f3 Rae8 25. fxe4 Rxe4 26. Bg2 Re7 27. Rde1 h5 28. Re6 Rxe6 29. dxe6 h4 30. Qxb7 hxg3 31. Qxc7 gxh2+ 32. Kh1 Bxc7 33. Bc6 Bd6 34. Rd1 Be7 35. Rd7 Bf6 36. e7 Re8 37. Rd6 Rxe7 38. Rxf6 Kg7 39. Rd6 Re1+ 40. Kxh2 Re2+ 41. Kg3 Rxb2 42. Kf4 Rc2 43. Be8 Rf2+ 44. Kg3 Rc2 45. Rxg6+ Kf8 46. Bb5 Kf7 47. Ra6 Rxc3+ 48. Kf4 Ke7 49. Kxf5 Re3 50. Kf4 Re1 51. Rc6 Rc1 52. Ke5 Kd8 53. Kd5 1-0